00230nam a2200085Ia 4500008004100000100001600041245003500057260003800092650001400130190216s9999||||xx |||||||||||||| ||und|| aO N V Kurup 0aOnvyude Nalu Kavya Samaharangl bSahithya Pravarthaka Co-Operative aKavithkal